000 00909nab a2200301 4500
003 BR-BrBNA
005 20250223223755.0
008 250223b bl.||||| |||| 00| 0 por d
040 _aBR-BrBNA
_bpor
072 _aK10 ; K50 ; E13
100 _aStefano, Fabiane
245 _aCorrida florestal
_bAgroeconomia
500 _a6 illus.
650 _aPRODUÇÃO FLORESTAL
650 _aEUCALIPTO
650 _aPINUS SPP
650 _aMADEIRA
650 _aPAPEL
650 _aCELULOSE
650 _aCARVÃO VEGETAL
650 _aREFLORESTAMENTO
650 _aINVESTIMENTO
650 _aINDÚSTRIA FLORESTAL
650 _aINDÚSTRIA MADEIREIRA
773 0 _01706
_9347822
_dSão Paulo-SP Editora Três Ltda - E-mail: luizfsa@revistadinheiro.com.br 2004
_o2025-0323
_tDinheiro Rural (Brazil)
_x1807-3700
_gv. 2(8) p. 34-37; (Jun 2005)
_wBR2025000004
942 _cANA
999 _c330099
_d330099